000 01018cab a2200253 4500
001 ABS59962
008 090401t1999 xxu||||| |||| 00| 0 eng d
035 _a(Sirsi) u91056
041 _aeng
100 _aCarmona, M.
245 _aRe-inventing residential urban design
260 _c1999
350 _a0
490 _aTown & Country Planning
_v68(2) February 1999, 54-57(4)
520 _aReviews three recent government funded (or part funded) publications which deal with the subject of residential design: "Kerb appeal: the external appearance and site layout of new houses", "Housing layouts - lifting the quality" and "Places, streets and movement. A companion guide to Design Bulletin 32". Discusses what these indicate about the way policy will develop in the future.
650 _aDESIGN GUIDANCE
650 _aHOUSING DESIGN
650 _aHOUSING LAYOUT
650 _aRESIDENTIAL DEVELOPMENT
650 _aURBAN DESIGN
690 _aHOUSING-DEVELOPMENT
942 _n0
948 _c02/02/1999
999 _c57773
_d57773